000 00494 a2200121 4500
001 ART_46189
005 20260410162053.0
008 260409a
245 1 0 _aCaracterísticas y determinantes de la densidad de aportes a la seguridad social en la Argentina 1994-2001
100 1 _aBertranou, Fabio M.
700 1 _aSánchez, Andrea P.
773 0 _tHistorias laborales en la seguridad social
_gEstudios sobre las frecuencias de aportes - Año 1, Nº 1 (oct. 2003)
_wREV46130
999 _c36037
_d36037